Emociones morales /

Detalles Bibliográficos
Autor principal: Steinbock, Anthony J. (Autor)
Otros Autores: Quepons, Ignacio (Traductor), Guadarrama, Ernesto (Traductor), Pérez Apodaca, Paola (Traductor)
Formato: Electrónico eBook
Lenguaje:español
inglés
Publicado: Barcelona : Herder, 2022.
Edición:1a edición digital.
Colección:Fenomenología (Ediciones Herder)
Materias:
Acceso en línea:Digitalia Hispánica

MARC

LEADER 00000nam a2200000 i 4500
001 DIGHERDER0602
003 NyNyDIG
008 230112s2022 sp ob 000 0 spa d
006 m o d
007 cr |||||||||||
035 |a (OCoLC)1367360039 
040 |a DGITA  |b eng  |e rda  |e pn  |c DGITA 
020 |a 9788425447822  |q eBook  |q ePub 
020 |z 9788425448881 
041 1 |a spa  |h eng 
050 1 4 |a B815 ebook 
100 1 |a Steinbock, Anthony J.,  |e author. 
240 1 0 |a Moral emotions.  |l Spanish  |s (Quepons) 
245 1 0 |a Emociones morales /  |c Anthony J. Steinbock ; traducción de Ignacio Quepons, con la colaboración de Ernesto Guadarrama y Paola Pérez Apodaca. 
250 |a 1a edición digital. 
264 1 |a Barcelona :  |b Herder,  |c 2022. 
300 |a 1 online resource. 
336 |a text  |b txt  |2 rdacontent 
337 |a computer  |b c  |2 rdamedia 
338 |a online resource  |b cr  |2 rdacarrier 
347 |a text file  |2 rdaft 
347 |b EPUB 
490 1 |a Colección Fenomenología 
504 |a Includes bibliographical references. 
588 0 |a Online resource; title from ePub title page (Digitalia, viewed January 12, 2023) 
650 0 |a Emotions  |x Moral and ethical aspects. 
650 0 |a Emotions (Philosophy) 
650 0 |a Ethics. 
700 1 |a Quepons, Ignacio,  |e translator. 
700 1 |a Guadarrama, Ernesto,  |e translator. 
700 1 |a Pérez Apodaca, Paola,  |e translator. 
700 1 |i Translation of:  |a Steinbock, Anthony J.,  |t Moral emotions. 
776 0 8 |i Print version:  |a Steinbock, Anthony J.,  |s Moral emotions. Spanish (Quepons).  |t Moral emotions.  |d Barcelona : Herder, 2022  |z 9788425448881 
791 2 |a Digitalia (Firm),  |e distributor. 
793 0 |g Digitalia eBook Collection:  |a Herder Editorial 
830 0 |a Fenomenología (Ediciones Herder) 
856 4 0 |3 Digitalia Hispánica  |u https://www.digitaliapublishing.com/a/115363/ 
910 |a Premium collection: 2023